|
|
|
|
| LEADER |
00000nab a2200000 a 4500 |
| 001 |
vtls000097491 |
| 003 |
SK-MaSNL |
| 005 |
20260304220217.0 |
| 008 |
250422c1981 xo 0 slo |
| 015 |
|
|
|a SNBRB19rr/mm-uuuuu
|
| 035 |
|
|
|a CL0107594
|
| 035 |
|
|
|a urn:nbn:sk:snk-ab1ul1
|
| 035 |
|
|
|a (urnnbn)urn:nbn:sk:snk:ar-a00zkz
|
| 035 |
|
|
|a (uuid)4fe9650b-c935-4ecd-a09c-d28fa759ad4c
|
| 040 |
|
|
|a SNKBUCL
|b slo
|c SNKBUCL
|e AACR2
|
| 041 |
0 |
|
|a slo
|
| 044 |
|
|
|a xo
|c SK
|
| 080 |
|
|
|a 78.071
|2 1981
|
| 080 |
|
|
|a 929 Haluzický, Juraj
|2 1981
|
| 100 |
1 |
|
|a Szelepcsényi, Ján,
|d 1937-2025
|4 aut
|9 239462
|
| 245 |
1 |
0 |
|a Integrujúca osobnosť
|b K životnému jubileu zaslúžilého umelca prof. dr. Juraja Haluzického
|c Ján Szelepcsényi
|
| 300 |
|
|
|b Obr. 1.
|
| 600 |
1 |
7 |
|a Haluzický, Juraj,
|d 1911-1991
|2 snkbucl
|9 166828
|
| 655 |
|
7 |
|a články z novín a časopisov
|2 snkbucl
|9 267496
|
| 773 |
0 |
|
|t Hudobný život
|g Roč. 13, č. 16 (1981), s. 5
|
| 850 |
|
|
|a Slovenská národná knižnica
|
| 852 |
|
|
|a Slovenská národná knižnica
|
| 954 |
|
|
|a odborná, vedecká literatúra pôvodná (slovenská)
|2 lita
|
| 958 |
|
|
|a article27
|
| 958 |
|
|
|a OND
|
| 958 |
|
|
|a RK
|
| 958 |
|
|
|a EUIPO
|
| 992 |
|
|
|a RBX
|
| 999 |
|
|
|c 3150737
|d 3152667
|